000 00690nam a2200217Ia 4500
003 GCL
008 140319s9999 xx 000 0 ara d
040 _aGCL /
_cGCL
082 0 4 _a364.143
_bن ا
100 1 _aنديم البيطار
245 1 0 _aالايديولوجية الثورية /
_cنديم البيطار
260 _a[S.N] :
_bالمؤسسة الجامعية للدراسات والنشر والتوزيع ،
_c1982
300 _a863 ص
490 _a
650 0 4 _aالثورات
650 0 4 _aالامن القومى
650 0 4 _aالاضطرابات السياسية
650 0 4 _aالانقلابات
650 0 4 _aالحرب الاهلية
942 _2ddc
_cBK
999 _c29933
_d29933